000 00903nam a2200217Ia 4500
005 20240530110940.0
008 140319s1984 xx 000 0 ara d
040 _aGCL /
_cGCL
082 0 4 _a526.9 /
_bم م
100 1 _aمحمد رشاد الدين مصطفى حسين
245 1 0 _aتطبيقات المساحة والجيوديسيا باستخدام الميكروكمبيوتر /
_cتاليف محمد رشاد الدين مصطفى حسين ، محمود حسنى عبدالرحيم
250 _aالاولى
260 _aبيروت :
_bدار الراتب الجامعية،
_c1984
300 _aمتعدد ؛ ص
_c24 سم
490 _aالمكتبة المساحية
_v( 5 )
650 0 4 _aالمساحة
650 0 4 _aالمساحة الطبوغرافية
650 0 4 _aالخرائط الطبوغرافية
942 _2ddc
_cBK
999 _c66800
_d66800